000 002900000a22001330004500
003 MACL
040 _aMACL
090 _c31487
_d31485
100 _aHoque, Faisal
245 _aEE̜nterprise
260 _bCambridge University
_c2000
650 _aComputer science
942 _cBOOK
_k004.6/Arc
999 _c31172
_d31172